| 000 | 00698nam a22002057a 4500 | ||
|---|---|---|---|
| 999 |
_c7534 _d7534 |
||
| 003 | AR-CdUCM | ||
| 008 | 190320b ||||| |||| 00| 0 spa d | ||
| 040 |
_aMUNICIPALIDAD PROVINCIAL DEL CUSCO _cBIBLIOTECA MUNICIPAL DEL CUSCO |
||
| 082 |
_a122 / _bH62 |
||
| 100 |
_aWatkins, J. W. N. _921268 |
||
| 245 |
_aQ ue dicho verdaderamente : _bHobbes / |
||
| 260 |
_aMadrid : _bAyuso, _c1972. |
||
| 300 |
_a247 paginas ; _c18 cm. |
||
| 505 | _aContenido :Referencias -- Prologo -- Introduccion -- Sus primeras concepciones politicas y cientificas -- La tradicion cientifica ... | ||
| 650 |
_aPolitica _9291 |
||
| 650 |
_aCiencia _92098 |
||
| 650 |
_aHumana _919436 |
||
| 942 |
_2ddc _cLIBROS |
||
| 945 | _arah | ||